ISO 9000 QUALITY MANAGEMENT SYSTEMS GUID (Record no. 9308)

MARC details
000 -LEADER
fixed length control field 00255nam a2200097Ia 4500
008 - FIXED-LENGTH DATA ELEMENTS--GENERAL INFORMATION
fixed length control field 240624s9999 xx 000 0 und d
041 ## - LANGUAGE CODE
Language code of text/sound track or separate title eng
082 ## - DEWEY DECIMAL CLASSIFICATION NUMBER
Classification number 658.4013 INT
100 ## - MAIN ENTRY--PERSONAL NAME
Personal name INTERNATIONAL TRADE CENTRE
245 ## - TITLE STATEMENT
Title ISO 9000 QUALITY MANAGEMENT SYSTEMS GUID
Holdings
Withdrawn status Lost status Damaged status Not for loan Home library Current library Shelving location Date acquired Full call number Barcode Date last seen Price effective from Koha item type
        IMTN IMTN Rack 27-B 07/14/2008 658.4013 INT 9308 06/24/2024 06/24/2024 Books
Designed & Maintained by: LRC IMT Nagpur Contact: lrc@imtnag.ac.in© 2024. All Rights Reserved.